|
|
|
|
| LEADER |
00690nab a2200193 i 4500 |
| 001 |
acta34021 |
| 005 |
20231009104453.0 |
| 008 |
161017s1941 hu o 0|| hun d |
| 040 |
|
|
|a SZTE Egyetemi Kiadványok Repozitórium
|b hun
|
| 041 |
|
|
|a hun
|
| 100 |
1 |
|
|a Matzkó Gyula
|
| 245 |
1 |
2 |
|a A fényképezőgép és a fényképezés
|h [elektronikus dokumentum] :
|b (Tanítás a polgári iskola III. osztályában.) /
|c Matzkó Gyula
|
| 260 |
|
|
|c 1941
|
| 300 |
|
|
|a 44-49
|
| 490 |
0 |
|
|a A cselekvés iskolája
|v 9
|
| 650 |
|
4 |
|a Társadalomtudományok
|
| 650 |
|
4 |
|a Oktatástudomány
|
| 695 |
|
|
|a Neveléstudomány
|
| 856 |
4 |
0 |
|u http://acta.bibl.u-szeged.hu/34021/1/cselekves_009_044-049.pdf
|z Dokumentum-elérés
|